000 00480nam a2200145 i 4500
001 86883
003 ES-MaACL
007 t|
008 041216s1907 fr ||||1| fre d
100 1 _aKirkpatrick de Closeburn, Edouard.
_968132
245 1 4 _aLes renonciations des Bourbons et la succession d'Espagne /
_cpar Edouard kirkpatrick de Closeburn.
260 _aParis :
_b[s.n.,
_c1907] (
_eAbbeville :
_fF. Paillart)
300 _aXXIV, 327 p. ;
_c26 cm.
852 _aES-MaACL
_jB-4819
999 _c86883
_d86883